MAASAI MARA UNIVERSITY

LIBRARY CATALOGUE

Contact Us: +254 020 2685356/7 or 0774 057787

Box: 861-20500, NAROK, KENYA

Email: info@mmarau.ac.ke

Advanced Functions 12/ (Record no. 29447)

MARC details
000 -LEADER
fixed length control field 00414nam a22001577a 4500
003 - CONTROL NUMBER IDENTIFIER
control field OSt
005 - DATE AND TIME OF LATEST TRANSACTION
control field 20210208112601.0
008 - FIXED-LENGTH DATA ELEMENTS--GENERAL INFORMATION
fixed length control field 170615b xxu||||| |||| 00| 0 eng d
020 ## - INTERNATIONAL STANDARD BOOK NUMBER
International Standard Book Number 9780070724556
040 ## - CATALOGING SOURCE
Original cataloging agency MMU
Language of cataloging eng
Transcribing agency MMU
Modifying agency MMU
050 ## - LIBRARY OF CONGRESS CALL NUMBER
Classification number QA 76.9 .A38 2008
245 ## - TITLE STATEMENT
Title Advanced Functions 12/
Statement of responsibility, etc. Paula Thiessen.
260 ## - PUBLICATION, DISTRIBUTION, ETC. (IMPRINT)
Place of publication, distribution, etc. Toronto:
Name of publisher, distributor, etc. McGrawHill,
Date of publication, distribution, etc. 2008.
300 ## - PHYSICAL DESCRIPTION
Extent xii, 312 p. :
942 ## - ADDED ENTRY ELEMENTS (KOHA)
Source of classification or shelving scheme Library of Congress Classification
Koha item type L
Holdings
Withdrawn status Lost status Source of classification or shelving scheme Damaged status Not for loan Home library Current library Date acquired Source of acquisition Total Checkouts Full call number Barcode Date last seen Price effective from Koha item type
    Library of Congress Classification     Maasai Mara University Library -Main Campus Maasai Mara University Library -Main Campus 06/15/2017 Donation -T4C   QA 76.9 .A38 2008 16018958 06/15/2017 06/15/2017 L
© 2016 Maasai Mara University.